01574nam a2200265Ia 4500001000600000003000900006008004100015040001300056040001300069041001300082100002000095100002900115245002100144245009100165250001100256260001100267260001600278260004900294300005900343500081100402650002401213650003101237700001101268700002901279G4876IT-RoPAU130308s9999 xx 000 0 und d aIT-RoPAU cIT-RoPAU aITALIANO aDummett Michael gCodice Aut. SPICS: 33668 aFede e religione bDuemila: Verso una Societa' Aperta - 2. Politica, Migrazioni, Guerra e Pace, Religione a1a ed. aMILANO bSole 24 Ore c2000 [1° Ed.:2000 - Ed.Ling.Originale:2000] a"93 p. (prefazione: no ; testo: 93 [pagine: 273-365])" aDio, tra fede e Ragione di Michael Dummett. Alla Ricerca di Risposte Fondamentali di Armando torno. capro Espiatorio, vittima innocente di Rene' Girard. Dall'Uomo una Giustizia su misura di Sebastiano Maffettone. Giustizia Equilibrata tra Umano e Divino di Gianfranco Ravasi. L'Affascinante mistero del Tempo di Gianfranco Fabi. Sospesi tra Il presente e L'Eterno di Giovanni Filoramo. a Chi Porre le Domande Ultime? di Giovanni Santambrogio. Solo l'amore è Storia che Resta di Vincenzo Paglia. Quando la Chiesa Era Scuola D'Impresa di Michael Novak. Il Primato della Religione di Giorgio Rumi. Quel Nuovo Bisogno di Sacro di Massimo Introvigne. niente Eclissi per Il Mito di Dario del Corno. Coppe d'oro per Il Sangue di Cristo di Marco Carminati.I Rintocchi del millennio di Pasquale Tucci. Cronologia. aSAGGI DI SOCIOLOGIA eCodice materia Spics: 3657 aAA.VV. gCodice Aut. SPICS: 12000